<?xml version="1.0" encoding="UTF-8"?>
<marc:record xmlns:marc="http://www.loc.gov/MARC21/slim">
   <marc:leader>00000nam a2200000 a 4500</marc:leader>
   <marc:datafield ind1="1" ind2=" " tag="100">
      <marc:subfield code="a">Lückel, Kristin</marc:subfield>
      <marc:subfield code="4">aut</marc:subfield>
      <marc:subfield code="e">Verfasser/-in</marc:subfield>
   </marc:datafield>
   <marc:datafield ind1=" " ind2=" " tag="653">
      <marc:subfield code="a">Weihnachten</marc:subfield>
   </marc:datafield>
   <marc:datafield ind1=" " ind2=" " tag="653">
      <marc:subfield code="a">Advent</marc:subfield>
   </marc:datafield>
   <marc:datafield ind1=" " ind2=" " tag="653">
      <marc:subfield code="a">Adventkalender</marc:subfield>
   </marc:datafield>
   <marc:datafield ind1="0" ind2="0" tag="245">
      <marc:subfield code="a">Rica und Bruno feiern Weihnachten</marc:subfield>
   </marc:datafield>
   <marc:datafield ind1="0" ind2="0" tag="245">
      <marc:subfield code="b">Ein Poster-Adventskalender zum Vorlesen und Basteln mit Illustrationen von Johanna Ignjatovic</marc:subfield>
   </marc:datafield>
   <marc:datafield ind1=" " ind2="1" tag="264">
      <marc:subfield code="b">Kaufmann Verlag</marc:subfield>
      <marc:subfield code="c">2018</marc:subfield>
   </marc:datafield>
   <marc:datafield ind1="1" ind2=" " tag="520">
      <marc:subfield code="a">Der erste Schnee ist über Nacht gefallen und das kleine neugierige Schaf Rica kann es kaum erwarten, nach draußen zu gehen und alles zu erkunden. Aber keines der anderen Schafe will mitkommen! Heimlich schleicht sich Rica daher alleine in den Wald und trifft dort den Bärenjungen Bruno, der sich verlaufen hat und seine Mutter sucht. Schnell werden die beiden Freunde und Rica erzählt Bruno alles über das nahende Weihnachtsfest. Werden Rica und Bruno es schaffen, Brunos Mama rechtzeitig zum Heiligen Abend zu finden?</marc:subfield>
   </marc:datafield>
   <marc:datafield ind1="3" ind2=" " tag="024">
      <marc:subfield code="a">9783780609601</marc:subfield>
   </marc:datafield>
</marc:record>
